000 00504nam a22002057a 4500
003 UA-OsUOA
001 12082
007 ta
008 20050429b un ||||| |||| 00| 0 ukr d
100 _aМалик Галина
942 _cSA
040 _aUA-OsUOA
_bukr
_cUA-OsUOA
_dUA-OsUOA
245 _aВізьми за руку янгола
300 _aС.59-62
955 _a0
041 _aukr
044 _aUA
773 0 _w0
_tСучасність
_dКиїв
_d2005
_g№4
650 7 _aПоезія
_2UDC
999 _c298243
_d298243